000 00594cam a22002053a 4500
001 45052
003 PGUSA
005 20140828084029.0
008 140302s2014||||xxu|||||s|||||000 | eng d
040 _aPGUSA
_beng
042 _adc
100 1 _aLagerlöf, Selma,
_d1858-1940
245 1 0 _aPeukaloisen retket villihanhien seurassa
_h[electronic resource] /
_cSelma Lagerlöf
260 _bProject Gutenberg,
_c2014
506 _aPublic domain in the USA.
516 _aElectronic text
830 0 _aProject Gutenberg
_v45052
856 4 0 _uhttp://www.gutenberg.org/ebooks/45052
942 _cEB
999 _c274303
_d274303